Encyclopedia of management training vol 1 / (Record no. 7765)

MARC details
000 -LEADER
fixed length control field 00633nam a22002297a 4500
001 - CONTROL NUMBER
control field BD-DhSAU 7765
003 - CONTROL NUMBER IDENTIFIER
control field BD-DhSAU
005 - DATE AND TIME OF LATEST TRANSACTION
control field 20150528141231.0
008 - FIXED-LENGTH DATA ELEMENTS--GENERAL INFORMATION
fixed length control field 150520b1999 ii a||||r|||| 000 0 eng d
020 ## - INTERNATIONAL STANDARD BOOK NUMBER
International Standard Book Number 8126104074(set)
040 ## - CATALOGING SOURCE
Original cataloging agency BD-DhSAU
082 ## - DEWEY DECIMAL CLASSIFICATION NUMBER
Edition number 22
Classification number 658.03
Item number ENC
245 ## - TITLE STATEMENT
Title Encyclopedia of management training vol 1 /
Statement of responsibility, etc. edited by M.D. Jitendra.
260 ## - PUBLICATION, DISTRIBUTION, ETC. (IMPRINT)
Place of publication, distribution, etc. New Delhi :
Name of publisher, distributor, etc. Anmol Publications,
Date of publication, distribution, etc. c1999.
300 ## - PHYSICAL DESCRIPTION
Extent viii, 342 p. :
Dimensions 24 cm.
Other physical details ill. ;
440 ## - SERIES STATEMENT/ADDED ENTRY--TITLE
Number of part/section of a work Volume 1.
590 ## - Name of Cataloguer
Name of Cataloger Jerin
650 ## - SUBJECT ADDED ENTRY--TOPICAL TERM
Topical term or geographic name as entry element Economics.
650 ## - SUBJECT ADDED ENTRY--TOPICAL TERM
Topical term or geographic name as entry element Executives.
General subdivision Training.
700 ## - ADDED ENTRY--PERSONAL NAME
Personal name Jitendra, M.D.
942 ## - ADDED ENTRY ELEMENTS (KOHA)
Source of classification or shelving scheme Dewey Decimal Classification
Koha item type Book
Holdings
Withdrawn status Lost status Source of classification or shelving scheme Damaged status Not for loan Collection code Home library Branch Name Shelving location Date acquired Total Checkouts Full call number Barcode Date last seen Price effective from Koha item type
    Dewey Decimal Classification   Not For Loan Reference SAU Library SAU Library Reference 28/06/2001   658.03 ENC 29381 28/05/2015 28/05/2015 Book